| 000 | 00351 a2200157 4500 | ||
|---|---|---|---|
| 001 | 194442 | ||
| 020 | _a978-85-96-01709-1 | ||
| 040 | _cMagnum | ||
| 100 | _aLobato, Monteiro | ||
| 240 | 1 | 0 |
_aO Leão da Nemeia _lpor |
| 245 | 1 | 0 | _aO Leão da Nemeia |
| 300 | _a77 | ||
| 362 | 0 | _a2019 | |
| 697 | _aLÍNGUA - LINGÜÍSTICA - LITERATURA | ||
| 942 | _cBK | ||
| 999 |
_c194442 _d194442 |
||